Nový zákon o dotáciách na rozvoj bývania a o sociálnom bývaní s aktualizovanou dôvodovou správou : zákon č. 443/2010 Z.Z. z 26. októbra 2010 o dotáciách na rozvoj bývania a o sociálnom bývaní.
Uložené v:
| Médium: | Kniha |
|---|---|
| Jazyk: | Slovak |
| Vydané: |
Bratislava :
Epos,
2010.
|
| Vydanie: | [1. vyd.] |
| Edícia: | Novelizované zákony s dôvodovými správami v úplnom znení
ročník 2011 |
| Témy: | |
| ISBN: |
9788080578947 (brož.) |
| Fyzický popis: |
32 s. : formulár, tab. ; 20 cm. |
| Tagy: |
Pridať tag
Žiadne tagy, Buďte prvý kto otaguje tento záznam!
|
Titul je dostupný aj v ... 

MARC
| LEADER | 00000nam a2200000 a 4500 | ||
|---|---|---|---|
| 001 | 000177310 | ||
| 003 | SVKKK | ||
| 005 | 20110727123010.0 | ||
| 008 | 070702s2010 xo kl g l 000 0 slo d | ||
| 020 | |a 9788080578947 (brož.) | ||
| 040 | |a SVKKK |b slo |e AACR2 |c SVKKK | ||
| 041 | 0 | |a slo | |
| 044 | |a xo |c Sk | ||
| 072 | 7 | |a 336.1/.5 |x Verejné financie |2 konspekt | |
| 080 | |a 336.56 |2 2001 | ||
| 080 | |a 351.778.532 |2 2001 | ||
| 080 | |a 351.778.5 |2 2001 | ||
| 080 | |a (094.5) |2 2001 | ||
| 245 | 0 | 0 | |a Nový zákon o dotáciách na rozvoj bývania a o sociálnom bývaní s aktualizovanou dôvodovou správou : |b zákon č. 443/2010 Z.Z. z 26. októbra 2010 o dotáciách na rozvoj bývania a o sociálnom bývaní. |
| 250 | |a [1. vyd.] | ||
| 260 | |a Bratislava : |b Epos, |c 2010. | ||
| 300 | |a 32 s. : |b formulár, tab. ; |c 20 cm. | ||
| 490 | 1 | |a Novelizované zákony s dôvodovými správami v úplnom znení |v ročník 2011 | |
| 500 | |a Poznámky | ||
| 650 | 0 | 7 | |a dotácie |2 SVKKKPH |
| 650 | 0 | 7 | |a sociálne bývanie |2 SVKKKPH |
| 650 | 0 | 7 | |a bytová politika |2 SVKKKPH |
| 655 | 7 | |a zákony |2 SVKKKPH | |
| 830 | 0 | |a Novelizované zákony s dôvodovými správami v úplnom znení |v ročník 2011 | |
| 910 | |a svkkk | ||
| 919 | |a 978-80-8057-894-7 | ||
| 998 | |a BK | ||
| 090 | |g SCKHL |k Sklad Hlavná 10 prízemie |a III.219669 |j 1026775 |i 2720241947 |s Absenčne | ||